000 00568nam a2200193Ia 4500
003 OSt
005 20250214143524.0
008 210719s1997 xx 000 0 und d
040 _cAL
041 _aKannada
082 _aK894.1 AMRH
100 _aAMRATESH TANDARA
_d ಅಮೃತೇಶ್ ತಂದಾರ
_9199809
245 _aHani chetana hanigavanagalu.
_bಹನಿ ಚೇತನ ಹನಿಗವನಗಳು.
260 _aAnnigeri
_bAmrata Prakashana
_c1997
300 _axii,52
_bPB
365 _b25
_cRs
650 _aKannada Poetry
_9199810
942 _2ddc
_cBK
999 _c213915
_d213915